02212cam a22002655a 4500999001700000001000900017005001700026008004100043010001700084020002500101040002800126082002000154100002200174245007600196260005300272300003200325500002000357520131700377650003001694650004101724651001001765653002001775942000801795952014301803 c27442d274131782459620190509110500.0130724s2013 enka fr 001 0 eng d a 2013427116 a9781119963998 (pbk.) aDLCbengcDLCdEG-ScBUE04a005.12bHAN2221 aHanmer, Robert S.10aPattern-oriented software architecture for dummies /cby Robert Hanmer. aWest Sussex, Eng. :bJohn Wiley & Sons,cc.2013. axx, 360 p. :bill. ;c24 cm aIncludes index. aImagine how much easier it would be to solve a programming problem, if you had access to the best practices from all the top experts in the field, and you could follow the best design patterns that have evolved through the years. Well, now you can. This unique book offers development solutions ranging from high-level architectural patterns, to design patterns that apply to specific problems encountered after the overall structure has been designed, to idioms in specific programming languages--all in one, accessible, guide. Not only will you improve your understanding of software design, you'll also improve the programs you create and successfully take your development ideas to the next level. Pulls together the best design patterns and best practices for software design into one accessible guide to help you improve your programming projects Helps you avoid re-creating the wheel and also meet the ever-increasing pace of rev cycles, as well as the ever-increasing number of new platforms and technologies for mobile, web, and enterprise computing Fills a gap in the entry-level POSA market, as well as a need for guidance in implementing best practices from the ground up, Save time and avoid headaches with your software development projects with Pattern-Oriented Software Architecture For Dummies. 7aSoftware patterns.2BUEsh 7aSoftware architecture.2BUEsh929417 2BUEsh bCOMSCIcMay2019 2ddc 00102ddc40708BaccahaMAINbMAINcLOWd2019-05-09ePurchaseg224.00h2000088l0o005.12 HANp000044647r2025-07-15 00:00:00v280.00yBB